000 00518nam a2200205Ia 4500
005 20240528102728.0
008 131103s9999 xx 000 0 und d
020 _a0 560 00185 1
040 _aLoreto College
041 _aEnglish
082 _a510.7
_bMAT
100 _aBriten, P. W.
245 _aMathematics through action
_b stage 3b
_cP. W. Briten
250 _a1st ed.
260 _aGreat Britain
_bE J Arnold
_c1971
300 _a142p.
_b ill.
650 _aMathematics
850 _aLCBED
942 _cBK
999 _c28286
_d78765